00393 2200157 4500001002100000005001500021035002000036245004800056100002100104300002600125260002800151082000800179084001400187020002200201990001200223INLIS00000000000292920250917091411 a0010-09250002761 aKisah Heroik Sang Pilot /cEidelweis Almira0 aEidelweis Almira a184 hlm ;c13 x 19 cm aJakarta :bZettu,c2013 a813 a813 EID k a978-602-7735-71-2 a0755704